| 000 | 00502nam a2200133Ia 4500 | ||
|---|---|---|---|
| 008 | 170221s9999 xx 000 0 und d | ||
| 100 | _aAhmed Abu-Khadrah | ||
| 245 | _aMarkov Chain Model and Performance Enhancement for EDCA Protocol | ||
| 245 | _cAhmed Abu-Khadrah, Zahriladha Zakaria, Mohdazlishah Othman, and M. S. I. M. Zin | ||
| 260 | _bJournal of Communications | ||
| 650 | _xCommunication | ||
| 650 | _xMedia Arts | ||
| 856 | _uhttp://www.jocm.us/index.php?m=content&c=index&a=lists&catid=165 | ||
| 999 |
_c312541 _d312541 |
||